| 000 | 00640nam a2200217 a 4500 | ||
|---|---|---|---|
| 005 | 20250529063820.0 | ||
| 008 | 991125s1979 ea 000 0 eng u | ||
| 020 | _a0810812142 | ||
| 035 | _aUPN01000006115 | ||
| 049 | _aCE | ||
| 050 | 4 |
_aZ687 _bB6.3 1979 |
|
| 100 | 1 |
_aBonk, Wallace John, _d1923- |
|
| 245 | 1 | 0 |
_aBuilding library collections / _cWallace John Bonk and Rose Mary Magrill. |
| 250 | _a4a ed. | ||
| 260 |
_aMetuchen [E.U.A.] : _bScarecrow, _c1979. |
||
| 300 | _a380 p. | ||
| 650 | 2 |
_aBibliotecas - _xAdministración _98821 |
|
| 650 | 4 |
_aBibliotecas públicas _93008 |
|
| 700 | 1 |
_aMagrill, Rose Mary, _ecoaut. |
|
| 905 | _aLibro | ||
| 999 |
_c6115 _d6115 |
||